Statistics for Chess Pieces Quiz

Click here to take the quiz!

General Stats

  • This quiz has been taken 12 times
  • The average score is 6 of 6

Answer Stats

Answer% Correct
King
100%
Queen
100%
Knight
100%
Pawn
100%
Bishop
91%
Rook
82%

Score Distribution

Percentile by Number Answered

Percent of People with Each Score

Your Score History

You have not taken this quiz